Eastern Utah Libraries Catalog: Duchesne, Heber, Roosevelt, & Vernal

How to raise an amazing child the Montessori way / (Record no. 303239)

MARC details
000 -LEADER
fixed length control field 01873cam a2200349Ii 4500
005 - DATE AND TIME OF LATEST TRANSACTION
control field 20200320205034.0
008 - FIXED-LENGTH DATA ELEMENTS--GENERAL INFORMATION
fixed length control field 161104s2017 nyua e b 001 0 eng d
020 ## - INTERNATIONAL STANDARD BOOK NUMBER
International Standard Book Number 9781465462305
Terms of availability $19.95
040 ## - CATALOGING SOURCE
Original cataloging agency YDX
Language of cataloging eng
Transcribing agency YDX
Modifying agency BTCTA
-- BDX
-- OCLCQ
-- YDX
-- PLS
-- OI6
-- OCLCQ
-- BIB
-- MMLLC
082 04 - DEWEY DECIMAL CLASSIFICATION NUMBER
Classification number 649/.123
Edition number 23
100 1# - MAIN ENTRY--PERSONAL NAME
Personal name Seldin, Tim,
Dates associated with a name 1946-
Relator term author.
9 (RLIN) 5901235
245 10 - TITLE STATEMENT
Title How to raise an amazing child the Montessori way /
Statement of responsibility, etc Tim Seldin.
250 ## - EDITION STATEMENT
Edition statement Second edition.
264 #1 - Production, Publication, Distribution, Manufacture, and Copyright Notice.
Place of production, publication, distribution, manufacture New York :
Name of producer, publisher, distributor, manufacturer Dorling Kindersley Publishing,
Date of production, publication, distribution, manufacture, or copyr 2017.
264 #2 - Production, Publication, Distribution, Manufacture, and Copyright Notice.
Place of production, publication, distribution, manufacture Old Saybrook, Connecticut :
Name of producer, publisher, distributor, manufacturer www.micromarketing.org
300 ## - PHYSICAL DESCRIPTION
Extent 208 pages :
Other physical details color illustrations ;
Dimensions 24 cm.
336 ## - Content Type
Content type term text
336 ## - Content Type
Content type term still image
337 ## - Media type
Media type term unmediated
338 ## - Carrier type
Carrier type term volume
500 ## - GENERAL NOTE
General note [Typographic symbols and accents removed for systems compatibility.]
504 ## - BIBLIOGRAPHY, ETC. NOTE
Bibliography, etc Includes bibliographical references and index.
505 0# - FORMATTED CONTENTS NOTE
Formatted contents note Why Montessori? -- Discovery through the senses -- Let me do it -- Keeping the peace -- Exploring the wider world -- Best time to learn.
520 ## - SUMMARY, ETC.
Summary, etc "A practical parenting program to help build a calm and happy home life with your child, from birth through age six. This guide is based on Montessori school methods and packed with creative activities to help children discover more about their world as well as foster independence, concentration, and respect for others"--Back cover.
588 ## -
-- Title and description based on researched data; resource not viewed.
650 #0 - SUBJECT ADDED ENTRY--TOPICAL TERM
Topical term or geographic name as entry element Montessori method of education.
9 (RLIN) 87991
650 #0 - SUBJECT ADDED ENTRY--TOPICAL TERM
Topical term or geographic name as entry element Child rearing.
9 (RLIN) 5950571
942 ## - ADDED ENTRY ELEMENTS (KOHA)
Koha item type BOOK
948 ## - LOCAL PROCESSING INFORMATION (OCLC); SERIES PART DESIGNATOR (RLIN)
Series part designator, SPT (RLIN) 08/25/2017
z (OCLC) Sirsi
949 ## - LOCAL PROCESSING INFORMATION (OCLC)
n www.MicroMarketing.org 800-229-9887
996 ## -
-- 143882
-- 34301001533274
-- NF
-- bk
-- wcl
-- i
-- 4
-- 19.95
-- micro
-- 649 Sel
-- 08/25/2017
-- 02/12/2020
-- 01/07/2020
Holdings
Withdrawn status Lost status Source of classification or shelving scheme Damaged status Not for loan Collection code Home library Current library Shelving location Date acquired Source of acquisition Cost, normal purchase price Total Checkouts Total Renewals Full call number Barcode Date last seen Date checked out Cost, replacement price Price effective from Koha item type
    Dewey Decimal Classification     General NonFiction Wasatch County Library Wasatch County Library Second Floor 08/25/2017   19.95 14 13 649 Sel 34301001533274 05/29/2024 02/06/2024 19.95 03/20/2020 BOOK
This project was made possible through a grant from the Institute of Museum and Library Service administered by the Utah State Library Division.

Wasatch County Library

  • 465 East 1200 South, Heber City, Utah 84032
  • Phone 435-654-1511 | Fax 435-654-6456

Hours

  • Monday - Friday 9:30 AM - 8:00 PM
  • Saturday 9:30 AM - 1:30 PM
  • Closed Sundays and Holidays